<?xml version="1.0" encoding="UTF-8"?>
<record
    xmlns:xsi="http://www.w3.org/2001/XMLSchema-instance"
    xsi:schemaLocation="http://www.loc.gov/MARC21/slim http://www.loc.gov/standards/marcxml/schema/MARC21slim.xsd"
    xmlns="http://www.loc.gov/MARC21/slim">

  <leader>01237nam a22002777a 4500</leader>
  <datafield tag="999" ind1=" " ind2=" ">
    <subfield code="c">63784</subfield>
    <subfield code="d">63784</subfield>
  </datafield>
  <controlfield tag="005">20240530110658.0</controlfield>
  <controlfield tag="008">171225s2015    ua a   g b    000 0dara d</controlfield>
  <datafield tag="017" ind1=" " ind2=" ">
    <subfield code="a">2013/7055</subfield>
    <subfield code="b">&#x645;&#x635;&#x631;. &#x62F;&#x627;&#x631; &#x627;&#x644;&#x643;&#x62A;&#x628;</subfield>
  </datafield>
  <datafield tag="020" ind1=" " ind2=" ">
    <subfield code="a">9789777182904</subfield>
  </datafield>
  <datafield tag="040" ind1=" " ind2=" ">
    <subfield code="a">EG-CaGPL</subfield>
    <subfield code="c">EG-CaGPL</subfield>
  </datafield>
  <datafield tag="082" ind1="0" ind2="4">
    <subfield code="2">21</subfield>
    <subfield code="a">302.232\</subfield>
    <subfield code="b">&#x643; &#x635;</subfield>
  </datafield>
  <datafield tag="100" ind1="1" ind2=" ">
    <subfield code="a">&#x643;&#x648;&#x64A;&#x646; &#x60C; &#x633;&#x62A;&#x64A;&#x641;&#x646; </subfield>
  </datafield>
  <datafield tag="245" ind1="1" ind2="2">
    <subfield code="a">&#x627;&#x644;&#x635;&#x62D;&#x627;&#x641;&#x629; &#x627;&#x644;&#x645;&#x62F;&#x645;&#x62C;&#x629; :</subfield>
    <subfield code="b">&#x645;&#x642;&#x62F;&#x645;&#x629; - &#x648;&#x633;&#x627;&#x626;&#x644; &#x627;&#x644;&#x627;&#x639;&#x644;&#x627;&#x645; &#x627;&#x644;&#x643;&#x62A;&#x627;&#x628;&#x629; &#x648;&#x627;&#x644;&#x627;&#x646;&#x62A;&#x627;&#x62C; /</subfield>
    <subfield code="c">&#x62A;&#x62D;&#x631;&#x64A;&#x631; &#x633;&#x62A;&#x64A;&#x641;&#x646; &#x643;&#x648;&#x64A;&#x646; &#x60C; &#x641;&#x64A;&#x646;&#x633;&#x646;&#x62A; &#x641;. &#x641;&#x64A;&#x644;&#x627;&#x643; &#x61B; &#x62A;&#x631;&#x62C;&#x645;&#x629; &#x646;&#x627;&#x62F;&#x64A;&#x629; &#x627;&#x628;&#x631;&#x627;&#x647;&#x64A;&#x645; &#x61B; &#x62A;&#x642;&#x62F;&#x64A;&#x645; &#x648;&#x645;&#x631;&#x627;&#x62C;&#x639;&#x629; &#x648;&#x62A;&#x62D;&#x631;&#x64A;&#x631; &#x627;&#x644;&#x645;&#x635;&#x637;&#x644;&#x62D;&#x627;&#x62A; &#x627;&#x644;&#x627;&#x639;&#x644;&#x627;&#x645;&#x64A;&#x629; &#x645;&#x62D;&#x645;&#x648;&#x62F; &#x639;&#x644;&#x645; &#x627;&#x644;&#x62F;&#x64A;&#x646; .</subfield>
  </datafield>
  <datafield tag="250" ind1=" " ind2=" ">
    <subfield code="a">&#x637;.1</subfield>
  </datafield>
  <datafield tag="260" ind1=" " ind2=" ">
    <subfield code="a">&#x627;&#x644;&#x642;&#x627;&#x647;&#x631;&#x629; : </subfield>
    <subfield code="b">&#x627;&#x644;&#x645;&#x631;&#x643;&#x632; &#x627;&#x644;&#x642;&#x648;&#x645;&#x649; &#x644;&#x644;&#x62A;&#x631;&#x62C;&#x645;&#x629; &#x60C;</subfield>
    <subfield code="c">2015 .</subfield>
  </datafield>
  <datafield tag="300" ind1=" " ind2=" ">
    <subfield code="a">434 &#x635;. &#x61B;</subfield>
    <subfield code="c">24 &#x633;&#x645;.</subfield>
  </datafield>
  <datafield tag="650" ind1="0" ind2="7">
    <subfield code="2">qrmak</subfield>
    <subfield code="a">&#x627;&#x644;&#x635;&#x62D;&#x627;&#x641;&#x629; &#x627;&#x644;&#x645;&#x62F;&#x645;&#x62C;&#x629; </subfield>
  </datafield>
  <datafield tag="650" ind1="0" ind2="7">
    <subfield code="2">qrmak</subfield>
    <subfield code="a">&#x627;&#x644;&#x627;&#x646;&#x62A;&#x631;&#x646;&#x62A; </subfield>
  </datafield>
  <datafield tag="650" ind1="0" ind2="7">
    <subfield code="2">qrmak</subfield>
    <subfield code="a">&#x648;&#x633;&#x627;&#x626;&#x644; &#x627;&#x644;&#x627;&#x639;&#x644;&#x627;&#x645; </subfield>
  </datafield>
  <datafield tag="651" ind1=" " ind2=" ">
    <subfield code="2">qrmak</subfield>
  </datafield>
  <datafield tag="700" ind1="0" ind2=" ">
    <subfield code="a">&#x646;&#x627;&#x62F;&#x64A;&#x629; &#x627;&#x628;&#x631;&#x627;&#x647;&#x64A;&#x645;</subfield>
    <subfield code="e">&#x645;&#x62A;&#x631;&#x62C;&#x645; .</subfield>
  </datafield>
  <datafield tag="700" ind1="0" ind2=" ">
    <subfield code="a">&#x645;&#x62D;&#x645;&#x648;&#x62F; &#x639;&#x644;&#x645; &#x627;&#x644;&#x62F;&#x64A;&#x646;</subfield>
    <subfield code="e">&#x645;&#x635;&#x62D;&#x62D; &#x644;&#x63A;&#x648;&#x649; .</subfield>
  </datafield>
  <datafield tag="700" ind1="1" ind2=" ">
    <subfield code="a">&#x641;&#x64A;&#x646;&#x633;&#x646;&#x62A; &#x641;. &#x641;&#x64A;&#x644;&#x627;&#x643;</subfield>
    <subfield code="e">&#x645;&#x62D;&#x631;&#x631; .</subfield>
  </datafield>
  <datafield tag="942" ind1=" " ind2=" ">
    <subfield code="2">ddc</subfield>
    <subfield code="c">BK</subfield>
  </datafield>
  <datafield tag="952" ind1=" " ind2=" ">
    <subfield code="0">0</subfield>
    <subfield code="1">0</subfield>
    <subfield code="4">0</subfield>
    <subfield code="7">0</subfield>
    <subfield code="a">CAI</subfield>
    <subfield code="b">CAI</subfield>
    <subfield code="c">MAIN-LIBRARY</subfield>
    <subfield code="d">2017-12-25</subfield>
    <subfield code="l">0</subfield>
    <subfield code="o">302.232\ &#x643; &#x635;</subfield>
    <subfield code="p">163894</subfield>
    <subfield code="r">2017-12-25 00:00:00</subfield>
    <subfield code="w">2017-12-25</subfield>
    <subfield code="y">BK</subfield>
  </datafield>
</record>
